Metodologické prístupy k oceňovaniu v trhovej ekonomike kandidátska dizertačná práca

Salvato in:
Dettagli Bibliografici
Autore principale: Kareš, Ladislav
Ente Autore: Vysoká škola ekonomická v Bratislave
Altri autori: Haviar, Milan
Natura: Libro
Lingua:slovacco
Pubblicazione: Bratislava 1992
Soggetti:
Tags: Aggiungi Tag
Nessun Tag, puoi essere il primo ad aggiungerne!!

MARC

LEADER 00000nam a2200000 4500
001 c003822
005 20221214090007.9
041 0 |a slo 
044 |a SK 
245 1 0 |a Metodologické prístupy k oceňovaniu v trhovej ekonomike  |b kandidátska dizertačná práca  |c Ladislav Kareš ; Škol. Milan Haviar 
264 1 |a Bratislava  |c 1992 
300 |a 141 s. 
610 2 0 |a hodnota 
610 2 0 |a náklady 
610 2 0 |a ceny 
610 2 0 |a zákony ekonomické 
610 2 0 |a tvorba cien 
610 2 0 |a oceňovanie 
610 2 0 |a ČSFR 
610 2 0 |a majetok investičný 
610 2 0 |a hospodárstvo trhové 
610 2 0 |a zásoby 
610 2 0 |a aktíva 
610 2 0 |a pasíva 
610 2 0 |a dividendy 
610 2 0 |a goodwill 
100 1 |a Kareš, Ladislav 
700 1 |a Haviar, Milan 
710 2 |a Vysoká škola ekonomická v Bratislave